00615nam a2200205Ia 4500008004100000020001800041050001400059100002700073245001200100245003000112245005600142260001500198260001600213260000900229300001400238300002500252300001000277999001900287952010300306180207s9999 xx 000 0 und d a9780545251303 bH798 2010 aHopping, Lorraine Jean aMummy : blook inside an Egyptian / cby Lorraine Jean Hopping ; edited by Besty Pringle. aNew York : bScholastic, c2010 aunpaged : bcolor illustration ; c27cm. c355701d355701 001040aSSISMbSSISMd2018-02-07l0oER H798 2010pSSISM5246r2018-02-07 00:00:00w2018-02-07yBK